000 00541nam a2200181 i 4500
001 29473
003 ES-MaACL
005 20251123063300.0
007 t|
008 030122s1969 sp ||||1| spa d
100 0 _aBarceló, Carlos,
_d1929-
_925500
245 1 0 _aPrever para vender mejor... /
_cCarlos Barceló, Antonio Torrente.
260 _aBarcelona :
_bSagitario,
_c[1969]
300 _a244 p. :
_bil. ;
_c22 cm.
700 1 _aTorrente, Antonio.
_9110845
852 _aES-MaACL
_jC-47929
_bR.72283
999 _c29473
_d29473